|
|
|
|
| LEADER |
00000nab a2200000 a 4500 |
| 001 |
vtls000797324 |
| 003 |
SK-MaSNL |
| 005 |
20260304013119.0 |
| 008 |
160324c2000 xo 0 slo |
| 015 |
|
|
|a SNBRB2002/07-21732
|
| 035 |
|
|
|a CLN000148979
|
| 040 |
|
|
|a SNKBUCL
|b slo
|c SNKBUCL
|e AACR2
|
| 041 |
0 |
|
|a slo
|
| 044 |
|
|
|a xo
|c SK
|
| 080 |
|
|
|a 616.366-006-089
|2 1997
|
| 100 |
1 |
|
|a Páv, Igor,
|d 1962-2015
|4 aut
|9 28106
|
| 245 |
1 |
0 |
|a Polypy žlčníka
|c I. Páv
|
| 504 |
|
|
|a Bibliogr. odkazy
|
| 650 |
0 |
7 |
|a žlčník
|2 snkbucl
|9 20168
|
| 650 |
0 |
7 |
|a polypy
|2 snkbucl
|9 23878
|
| 650 |
0 |
7 |
|a prekancerózy
|2 snkbucl
|9 26592
|
| 650 |
0 |
7 |
|a abnormality
|2 snkbucl
|9 728737
|
| 650 |
0 |
7 |
|a ultrasonografia
|2 snkbucl
|9 13510
|
| 655 |
|
7 |
|a články z novín a časopisov
|2 snkbucl
|9 267496
|
| 773 |
0 |
|
|x 1335-7654
|t Speculum nostrum
|g Roč. 1, č. 3 (2000), s. 8-10
|
| 850 |
|
|
|a Slovenská národná knižnica v Martine
|
| 852 |
|
|
|a SNK
|b KIS3GCP
|
| 958 |
|
|
|a MI
|
| 958 |
|
|
|a NB
|
| 958 |
|
|
|a RBX
|
| 999 |
|
|
|c 2574522
|d 2576452
|